| 000 | 00543nam a2200205Ia 4500 | ||
|---|---|---|---|
| 003 | OSt | ||
| 005 | 20230607084551.0 | ||
| 008 | 210423s2009 xx 000 0 und d | ||
| 040 | _cAL | ||
| 041 | _aeng | ||
| 082 | _a361.3 SACM | ||
| 100 |
_a. _9120835 |
||
| 245 | _aMangalore: yesterday today and tomorrow | ||
| 260 |
_aNew Delhi _bSage Publications _c2009 |
||
| 365 | _cINR | ||
| 650 |
_aSocial Problems & Services _9120836 |
||
| 650 |
_aSocial Work _9120837 |
||
| 906 | _aMangalore: ; today ; tomorrow ; yesterday | ||
| 942 |
_2ddc _cBK |
||
| 999 |
_c176049 _d176049 |
||